[Event "British Chess Championships 2023: First Rapidplay U1750"]
[Site "De Montfort University, 20 Western Boulevard, Leicester, LE2 7BU"]
[Date "2023.07.21"]
[Round "5"]
[Board "11"]
[White "Karia, Kamlesh"]
[Black "Hankey, Chris P"]
[Result "0-1"]
[WhiteElo "1543"]
[BlackElo "1680"]
[PlyCount "0"]
[EventDate "2023.07.21"]
[EventRounds "7"]
[EventCountry "ENG"]

1. e4 c5 2. Nc3 d6 3. Bc4 Nf6 4. f4 Nc6 5. d3 g6 6. Nf3 Bg7 7. O-O Bg4 8. h3 Bxf3
9. Qxf3 O-O 10. f5 Kh8 11. Ne2 Ne5 12. Qg3 Nh5 13. Qh4 Bf6 14. Bg5 Nxc4 15. dxc4
Bxg5 16. Qxg5 Kg7 17. Nf4 Nxf4 18. Qxf4 h6 19. h4 a6 20. Rf3 b5 21. Raf1 f6 22. fxg6
bxc4 23. g4 e5 24. Qd2 Qd7 25. Qg2 d5 26. Rd1 d4 27. Rdf1 d3 28. cxd3 cxd3 29. Rd1
Qd4+ 30. Kh1 Rab8 31. Rfxd3 Qxb2 32. Rd7+ Kg8 33. R1d2 Qb6 34. Qf2 Rbd8 35. Rxd8
Rxd8 36. Rxd8+ Qxd8 37. Qxc5 Qd1+ 38. Kg2 Qxg4+ 39. Kf1 Qf3+ 40. Kg1 Qg4+ 41. Kf1
Qxg6 42. Qc8+ Kg7 43. Qxa6 Qxe4 44. Qa7+ Kg6 45. Qg1+ Kf7 46. Qa7+ Ke6 47. Qa6+ Kf5
48. Qc8+ Kf4 49. Qc1+ Qe3 50. Qc4+ Qd4 51. Qc1+ Ke4 52. Qxh6 Qa1+ 53. Kg2 Qxa2+ 54.
Kh3 Qb3+ 55. Kh2 Qc2+ 56. Kg3 Qd3+ 57. Kh2 Qe2+ 58. Kh1 Qf3+ 59. Kg1 Qg4+ 60. Kh2
Qf4+ 61. Qxf4+ Kxf4 62. h5 Kg5 63. Kg3 Kxh5  0-1

[Event "British Chess Championships 2023: First Rapidplay U1750"]
[Site "De Montfort University, 20 Western Boulevard, Leicester, LE2 7BU"]
[Date "2023.07.21"]
[Round "5"]
[Board "12"]
[White "Szwajkun, Richard"]
[Black "Boztas, Lana"]
[Result "0-1"]
[WhiteElo "1747"]
[BlackElo "1486"]
[PlyCount "0"]
[EventDate "2023.07.21"]
[EventRounds "7"]
[EventCountry "ENG"]

1. d4 Nf6 2. Nf3 g6 3. Bg5 Bg7 4. Nbd2 O-O 5. e4 d6 6. c3 c6 7. Bd3 Bg4 8. h3 Bxf3
9. Nxf3 Nbd7 10. O-O Qa5 11. Bh4 e5 12. dxe5 Nxe5 13. Nxe5 dxe5 14. Bxf6 Bxf6 15.
Qb3 Rad8 16. Be2 Rd2 17. Bf3 b6 18. Rfd1 Rfd8 19. Kf1 Qc5 20. Kg1 Qxf2+ 21. Kh2 Bg5
22. Rxd2 Rxd2 23. Rd1 Rxb2 24. Qc4 Qxf3 25. Ra1  0-1

[Event "British Chess Championships 2023: First Rapidplay U1750"]
[Site "De Montfort University, 20 Western Boulevard, Leicester, LE2 7BU"]
[Date "2023.07.21"]
[Round "5"]
[Board "13"]
[White "Halford-Maw, Samuel"]
[Black "Halford-Maw, Oliver"]
[Result "1-0"]
[WhiteElo "1498"]
[BlackElo "1498"]
[PlyCount "0"]
[EventDate "2023.07.21"]
[EventRounds "7"]
[EventCountry "ENG"]

1. e4 c5 2. c3 Nf6 3. d4 Nxe4 4. dxc5 Nxc5 5. Be3 d6 6. Nf3 g6 7. Nbd2 Bg7 8. Be2
O-O 9. O-O Nc6 10. Rc1 Bf5 11. Nd4 Nxd4 12. Bxd4 Rc8 13. Bf3 Bxd4 14. cxd4 Nd3 15.
Rxc8 Qxc8 16. Qb3 Nf4 17. Bxb7 Qc7 18. Nf3 Rb8 19. Ng5 Ne6 20. Nxe6 Bxe6 21. d5 Rxb7
22. Qf3 Bf5 23. g4 Bd7 24. Re1 Bb5 25. Re3 Qc1+ 26. Kg2 Qf1+ 27. Kg3 Qg1+ 28. Qg2
Qxg2+ 29. Kxg2 Bc4 30. b3 Bxd5+ 31. f3 Kf8 32. Rc3 Kg7 33. h4 Rd7 34. Kg3 Be6 35.
f4 d5 36. Kf3 d4 37. Rd3 f5 38. g5 h6 39. Ke2 Bd5 40. Kd2 Be4 41. Rg3 hxg5 42. hxg5
Bb1 43. a4 Rb7 44. Rf3 Ba2 45. Rd3 Bxb3 46. Rxd4 Rb4 47. Rxb4  1-0

[Event "British Chess Championships 2023: First Rapidplay U1750"]
[Site "De Montfort University, 20 Western Boulevard, Leicester, LE2 7BU"]
[Date "2023.07.21"]
[Round "5"]
[Board "14"]
[White "Al Dakl Alla, Humam"]
[Black "Jones, Dixon H"]
[Result "1-0"]
[WhiteElo "1464"]
[BlackElo "1688"]
[PlyCount "0"]
[EventDate "2023.07.21"]
[EventRounds "7"]
[EventCountry "ENG"]

1. d4 d5 2. Bf4 Nf6 3. Nf3 e6 4. e3 Bd6 5. Bg3 O-O 6. c3 c5 7. Bd3 h6 8. Nbd2 c4
9. Bb1 Nc6 10. Qc2 Bxg3 11. hxg3 Ne7 12. g4 Ng6 13. g5 Ng4 14. gxh6 Nxh6 15. Ne5
Qg5 16. g3 f5 17. Ndf3 Qf6 18. g4 fxg4 19. Qxg6 Qxg6 20. Bxg6 gxf3 21. Bh5 b5 22.
Bxf3 Ba6 23. a3 Rf5 24. Rh5 Raf8 25. Ke2 Bc8 26. Rxf5 exf5 27. a4 Ng4 28. Bxd5+ Kh7
29. Rh1+ Nh6 30. axb5 f4 31. Bxc4 fxe3 32. fxe3 Bb7 33. Rf1 Rxf1 34. Kxf1 Ng8 35.
Bxg8+ Kxg8 36. c4 a6 37. bxa6 Bxa6 38. d5 Kf8 39. b4 Ke7 40. b5 Bc8 41. c5 Bf5 42.
b6 Be4 43. b7  1-0

[Event "British Chess Championships 2023: First Rapidplay U1750"]
[Site "De Montfort University, 20 Western Boulevard, Leicester, LE2 7BU"]
[Date "2023.07.21"]
[Round "6"]
[Board "1"]
[White "Vadalia, Jainill"]
[Black "Day, Jonathan A"]
[Result "1-0"]
[WhiteElo "1776"]
[BlackElo "1664"]
[PlyCount "0"]
[EventDate "2023.07.21"]
[EventRounds "7"]
[EventCountry "ENG"]

1. d4 d5 2. c4 Nf6 3. cxd5 Qxd5 4. Nc3 Qa5 5. Nf3 Bf5 6. Bd2 c6 7. e4 Bg4 8. h3 Bxf3
9. Qxf3 e6 10. Qg3 Qb6 11. Qe3 Nbd7 12. e5 Nd5 13. Nxd5 cxd5 14. Bd3 Bb4 15. Bc3
Rc8 16. Rc1 Bxc3+ 17. bxc3 Qb2 18. Qd2 Qxd2+ 19. Kxd2 Ke7 20. Rb1 Nb6 21. a4 Rc7
22. a5 Nd7 23. Rb3 Rhc8 24. Rhb1 b6 25. Bb5 bxa5 26. Bxd7 Kxd7 27. Ra1 f6 28. exf6
gxf6 29. Rxa5 h6 30. Rba3 Ra8 31. g4 Rb7 32. Kc2 Ke7 33. Ra6 Kf7 34. R3a5 Re7 35.
f4 Kg6 36. Kd3 Kf7 37. Rc5 Rae8 38. Rcc6 Kg6 39. f5+ Kf7 40. fxe6+ Kg6 41. Rd6 Kg5
42. Rxd5+ Kg6 43. Rdd6 Kg5 44. d5 Kh4 45. Rd7 Rxd7 46. exd7 Rd8 47. Rxf6 Kxh3 48.
Rxh6 Kxg4 49. Rh7 Kf5 50. Re7 Kf6 51. d6 a6 52. c4  1-0

[Event "British Chess Championships 2023: First Rapidplay U1750"]
[Site "De Montfort University, 20 Western Boulevard, Leicester, LE2 7BU"]
[Date "2023.07.21"]
[Round "6"]
[Board "2"]
[White "Harrison, Oliver"]
[Black "Mehrgan, Mehrsam"]
[Result "1/2-1/2"]
[WhiteElo "1648"]
[BlackElo "1659"]
[PlyCount "0"]
[EventDate "2023.07.21"]
[EventRounds "7"]
[EventCountry "ENG"]

1. e4 c6 2. c4 e6 3. d4 d5 4. cxd5 exd5 5. exd5 cxd5 6. Nc3 Nf6 7. Nf3 Bb4 8. Be2
Nc6 9. O-O O-O 10. a3 Bd6 11. Bg5 h6 12. Bxf6 gxf6 13. Qb3 Be6 14. Qxb7 Na5 15. Qa6
Nb3 16. Rab1 Kh8 17. Bd1 Na5 18. Qd3 f5 19. Re1 Rg8 20. Ne5 Bxe5 21. Rxe5 Qg5 22.
Qh3 Nc4 23. Re2 f4 24. Rxe6 fxe6 25. Bf3 Nd2 26. Re1 Nxf3+ 27. Qxf3 Rg6 28. Re5 Qf6
29. Ne2 Rc8 30. h3 Rf8 31. Qh5 Rg5 32. Rxg5 Qxg5 33. Qf3 Qf5 34. Kh2 Qe4 35. Qxe4
dxe4 36. b4 f3 37. gxf3 exf3 38. Nc3 Rg8 39. Ne4 Rd8 40. Nc5 Rxd4 41. Nxe6 Rd2 42.
Kg3 Ra2 43. Nd8 Rxa3 44. Nc6 Kg7 45. Kf4 Kf6 46. h4 h5 47. Ke4 Rc3 48. Nxa7 Rc4+
49. Kxf3 Rxb4 50. Kg3 Kf5 51. Nc6 Rb3+ 52. f3 Rb1 53. Nd4+ Ke5 54. Ne2 Rb3 55. Nf4
Rb4 56. Nxh5 Kf5 57. Ng7+ Kg6 58. Ne6 Kf5 59. Nc5 Rd4 60. Nb3 Rd8 61. Nc5 Rg8+ 62.
Kf2 Rg6 63. Ne4 Kf4 64. Nc5 Rd6 65. Nb3 Rd3 66. Nc1 Rxf3+ 67. Kg2 Kg4 68. Ne2 Ra3
69. Ng1 Kxh4 70. Nf3+ Kg4 71. Nh2+ Kf4 72. Nf1 Ra2+ 73. Kh3 Ra1 74. Kg2 Rb1 75. Nh2
Ke3 76. Nf1+ Kd3 77. Ng3 Rb2+ 78. Kf3  1/2-1/2

[Event "British Chess Championships 2023: First Rapidplay U1750"]
[Site "De Montfort University, 20 Western Boulevard, Leicester, LE2 7BU"]
[Date "2023.07.21"]
[Round "6"]
[Board "3"]
[White "Turkoz, Dogukan Eftal"]
[Black "Stokes, Richard"]
[Result "1-0"]
[WhiteElo "1398"]
[BlackElo "1700"]
[PlyCount "0"]
[EventDate "2023.07.21"]
[EventRounds "7"]
[EventCountry "ENG"]

1. e4 c5 2. d4 cxd4 3. Qxd4 Nc6 4. Qe3 e5 5. Nc3 Nd4 6. Bd3 Bc5 7. Qg3 Ne7 8. Be3
Ng6 9. O-O-O O-O 10. h4 Qa5 11. Kb1 b5 12. Nge2 b4 13. Nd5 Nxe2 14. Bxe2 Bxe3 15.
Qxe3 Ba6 16. Bxa6 Qxa6 17. h5 Nf4 18. Nxf4 exf4 19. Qxf4 Rac8 20. h6 g6 21. Rd6 Qe2
22. Rc1 f5 23. Rxd7 Qxe4 24. Qd2 Rce8 25. Rg7+ Kh8 26. Qd7 Rg8 27. Rxh7#  1-0

[Event "British Chess Championships 2023: First Rapidplay U1750"]
[Site "De Montfort University, 20 Western Boulevard, Leicester, LE2 7BU"]
[Date "2023.07.21"]
[Round "6"]
[Board "4"]
[White "Tomlinson, Zak"]
[Black "Rea, William"]
[Result "1-0"]
[WhiteElo "1724"]
[BlackElo "1564"]
[PlyCount "0"]
[EventDate "2023.07.21"]
[EventRounds "7"]
[EventCountry "ENG"]

1. e4 c6 2. d4 d5 3. exd5 cxd5 4. c4 Nf6 5. Nc3 Nc6 6. Nf3 Bg4 7. Be3 e6 8. c5 b6
9. Bb5 Qc7 10. Qa4 O-O-O 11. Bxc6 Bxf3 12. Nb5 Qe7 13. Qa6+ Kb8 14. Bf4+  1-0

[Event "British Chess Championships 2023: First Rapidplay U1750"]
[Site "De Montfort University, 20 Western Boulevard, Leicester, LE2 7BU"]
[Date "2023.07.21"]
[Round "6"]
[Board "5"]
[White "Munshi, Aryan"]
[Black "Michener, Max"]
[Result "1-0"]
[WhiteElo "1643"]
[BlackElo "1699"]
[PlyCount "0"]
[EventDate "2023.07.21"]
[EventRounds "7"]
[EventCountry "ENG"]

1. d4 f5 2. c4 Nf6 3. g3 e6 4. Nc3 Bb4 5. Bg2 O-O 6. Bd2 Bxc3 7. Bxc3 d6 8. Nf3 Re8
9. O-O Ne4 10. Rc1 b6 11. Nd2 Bb7 12. Nxe4 fxe4 13. Qc2 d5 14. f3 exf3 15. Bxf3 Nd7
16. Bd2 h6 17. cxd5 Bxd5 18. Qxc7 Nf6 19. Qxd8 Raxd8 20. Bc3 a5 21. a3 g5 22. Rfe1
g4 23. Bg2 Bxg2 24. Kxg2 Ne4 25. Rf1 Rc8 26. Rf4 Nxc3 27. Rxg4+ Kf7 28. bxc3 Rc4
29. Rh4 Kg6 30. Re4 Kf5 31. Kf3 Rec8 32. g4+ Kf6 33. Re3 Rxd4 34. cxd4 Rxc1 35. Rb3
Rc6 36. h4 a4 37. Rd3 b5 38. e4 Rb6 39. d5 exd5 40. exd5 Ke5 41. g5 hxg5 42. hxg5
Rd6 43. Kg4 Rxd5 44. Rxd5+ Kxd5 45. g6 Ke6 46. Kh5 b4 47. Kh6 bxa3 48. g7 a2 49.
g8=Q+ Kf6 50. Qxa2 a3 51. Qxa3  1-0

[Event "British Chess Championships 2023: First Rapidplay U1750"]
[Site "De Montfort University, 20 Western Boulevard, Leicester, LE2 7BU"]
[Date "2023.07.21"]
[Round "6"]
[Board "6"]
[White "Seet, Joshua"]
[Black "Zhang, Lionel"]
[Result "0-1"]
[WhiteElo "1614"]
[BlackElo "1475"]
[PlyCount "0"]
[EventDate "2023.07.21"]
[EventRounds "7"]
[EventCountry "ENG"]

1. d4 Nf6 2. c4 e6 3. Nc3 Bb4 4. Bg5 h6 5. Bh4 O-O 6. e3 d5 7. cxd5 exd5 8. Nf3 c6
9. Be2 Qd6 10. O-O Bf5 11. Bg3 Qe7 12. Bd3 Bxd3 13. Qxd3 Bd6 14. Rfe1 Bxg3 15. hxg3
Nbd7 16. e4 dxe4 17. Nxe4 Qb4 18. a3 Qb6 19. Ne5 Rad8 20. Nc4 Qc7 21. Qc3 Nd5 22.
Qf3 N7f6 23. Rad1 Rfe8 24. Ne5 Nxe4 25. Rxe4 Nf6 26. Rh4 Qd6 27. Ng4 Nxg4 28. Qxg4
Qe6 29. Qf4 Qd6 30. Qf3 Qd5 31. Qc3 Re4 32. Rxe4 Qxe4 33. Qb4 b6 34. Qa4 Rd7 35.
Qa6 Qd5 36. Qc8+ Kh7 37. Qe8 c5 38. Re1 Qxd4 39. Re4 Qd1+ 40. Re1 Qd5 41. Re5 Qd6
42. Rf5 Qe6 43. Qxe6 fxe6 44. Re5 Re7 45. f4 Kg6 46. Kf2 Kf6 47. Kf3 Rd7 48. Ke3
Rd5 49. Ke4 Rd2 50. Kf3 Rxb2 51. Re3 Rd2 52. g4 c4 53. Ke4 Rxg2 54. Rc3 Rxg4 55.
Kf3 Rh4 56. Rxc4 g5 57. fxg5+ hxg5 58. Rc7 Rh3+ 59. Kg4 Rxa3 60. Rc8 Ra4+ 61. Kg3
Ke5 62. Rg8 g4 63. Rg5+ Kd6 64. Rg8 a5 65. Rd8+ Ke7 66. Rb8 Rb4 67. Rb7+ Kf6 68.
Rb8 b5 69. Rf8+ Ke7 70. Ra8 a4 71. Ra7+ Kf6 72. Ra8 Ke5 73. Ra7 Rd4 74. Ra5 Rb4 75.
Ra6 Rb3+ 76. Kxg4 a3 77. Ra5 Ke4 78. Kh4 Kf4 79. Kh5 e5 80. Kg6 e4 81. Ra8 Ke3 82.
Kf5 Rd3 83. Rb8 Rb3 84. Ra8 Kf3 85. Ke5 e3 86. Rf8+ Ke2 87. Ke4 Rb4+ 88. Ke5 Ra4
89. Rb8 a2 90. Rxb5 a1=Q+ 91. Kf5 Ra5 92. Rxa5 Qxa5+ 93. Kf4 Qb4+ 94. Ke5 Kf2 95.
Kd5 e2 96. Kc6 e1=Q 97. Kd5 Qee4#  0-1

[Event "British Chess Championships 2023: First Rapidplay U1750"]
[Site "De Montfort University, 20 Western Boulevard, Leicester, LE2 7BU"]
[Date "2023.07.21"]
[Round "6"]
[Board "7"]
[White "Godwin, Charles"]
[Black "Chedd, Neil"]
[Result "1-0"]
[WhiteElo "1567"]
[BlackElo "1651"]
[PlyCount "0"]
[EventDate "2023.07.21"]
[EventRounds "7"]
[EventCountry "ENG"]

1. d4 c6 2. e4 d5 3. Nd2 dxe4 4. Nxe4 Bf5 5. Ng3 Bg6 6. Nf3 Nd7 7. h4 h6 8. h5 Bh7
9. Bd3 Bxd3 10. Qxd3 Ngf6 11. Bf4 e6 12. Ne4 Nxe4 13. Qxe4 Nf6 14. Qd3 Nd5 15. Bh2
Bd6 16. Ne5 Qc7 17. f4 O-O-O 18. a3 f6 19. Ng6 Rhe8 20. Rf1 Qb6 21. O-O-O Kb8 22.
c4 Be7 23. cxd5 Rxd5 24. Nxe7 Rxe7 25. f5+ e5 26. Qe4 Ka8 27. dxe5 Qc5+ 28. Kb1 fxe5
29. Rxd5 Qxd5 30. Qxd5 cxd5 31. Rd1 d4 32. Kc2 b6 33. Kd3 Kb7 34. Rc1 Rf7 35. g4
Re7 36. Ke4 Rd7 37. Bxe5 d3 38. Bf4 b5 39. Rd1 Re7+ 40. Kf3 Re2 41. Rd2 Re1 42. Rxd3
Rb1 43. Be5 Kc6 44. Bxg7 a5 45. Ke4 Kc5 46. f6 Re1+ 47. Re3 Rf1 48. Rf3 Re1+ 49.
Kf4 Kd6 50. f7  1-0

[Event "British Chess Championships 2023: First Rapidplay U1750"]
[Site "De Montfort University, 20 Western Boulevard, Leicester, LE2 7BU"]
[Date "2023.07.21"]
[Round "6"]
[Board "8"]
[White "London, Nick J"]
[Black "Ba, Amy"]
[Result "1/2-1/2"]
[WhiteElo "1699"]
[BlackElo "1403"]
[PlyCount "0"]
[EventDate "2023.07.21"]
[EventRounds "7"]
[EventCountry "ENG"]

1. d4 Nf6 2. c4 e6 3. g3 d5 4. Nf3 dxc4 5. Bg2 c5 6. O-O Nc6 7. dxc5 Qxd1 8. Rxd1
Bxc5 9. Nbd2 c3 10. bxc3 Ke7 11. Nb3 Bd6 12. Nfd4 Nxd4 13. cxd4 Rd8 14. Bb2 Rb8 15.
Rac1 b6 16. e4 Bb4 17. a3 Ba5 18. Rc7+ Rd7 19. Rxd7+ Nxd7 20. d5 exd5 21. exd5 Kf8
22. Nd4 Nc5 23. Nc6 Rb7 24. Be5 Rd7 25. Bh3 Ne6 26. Nd4 Rxd5 27. Nxe6+ Bxe6 28. Rxd5
Bxd5 29. Bb8 a6 30. Bc8 Bc4 31. Bc7 Ke7 32. Kg2 g6  1/2-1/2

[Event "British Chess Championships 2023: First Rapidplay U1750"]
[Site "De Montfort University, 20 Western Boulevard, Leicester, LE2 7BU"]
[Date "2023.07.21"]
[Round "6"]
[Board "9"]
[White "Edwards, Rhys"]
[Black "Hankey, Chris P"]
[Result "0-1"]
[WhiteElo "1680"]
[BlackElo "1680"]
[PlyCount "0"]
[EventDate "2023.07.21"]
[EventRounds "7"]
[EventCountry "ENG"]

1. d4 d5 2. Nf3 Nf6 3. c4 c6 4. Nc3 e6 5. g3 Bb4 6. Bg2 O-O 7. O-O Nbd7 8. Qd3 Bxc3
9. bxc3 Nb6 10. cxd5 exd5 11. Ne5 Ng4 12. f4 f6 13. Nxg4 Bxg4 14. h3 Bh5 15. g4 Bf7
16. e4 dxe4 17. Bxe4 Bc4 18. Bxh7+ Kh8 19. Qf5 Qd5 20. Re1 Qf3 21. Qh5 Qg3+ 22. Kh1
Qxe1+ 23. Kg2 Bf1+ 24. Kg1 Be2+ 25. Kg2 Qf1+ 26. Kg3 Qg1+ 27. Kh4 Qf2#  0-1

[Event "British Chess Championships 2023: First Rapidplay U1750"]
[Site "De Montfort University, 20 Western Boulevard, Leicester, LE2 7BU"]
[Date "2023.07.21"]
[Round "6"]
[Board "10"]
[White "Boztas, Lana"]
[Black "Halford-Maw, Samuel"]
[Result "1-0"]
[WhiteElo "1486"]
[BlackElo "1498"]
[PlyCount "0"]
[EventDate "2023.07.21"]
[EventRounds "7"]
[EventCountry "ENG"]

1. c4 e5 2. Nc3 Nf6 3. d3 d5 4. cxd5 Nxd5 5. g3 Be6 6. Bg2 c6 7. Nf3 Nd7 8. O-O Bb4
9. Bd2 O-O 10. a3 Ba5 11. Rc1 Rc8 12. b4 Bb6 13. Ne4 Qe7 14. Neg5 h6 15. Nxe6 Qxe6
16. e4 Ne7 17. Bc3 Rcd8 18. Qc2 f5 19. Qb2 fxe4 20. dxe4 Ng6 21. Rcd1 Rde8 22. Rd2
Nf6 23. Ne1 Re7 24. Nd3 Rd8 25. Rfd1 Red7 26. Nc5 Bxc5 27. bxc5 Ne8 28. Rxd7 Rxd7
29. Rxd7 Qxd7 30. Bxe5 Nxe5 31. Qxe5 Qd1+ 32. Bf1 Nf6 33. Kg2 Qc2 34. Qe6+ Kh8 35.
e5 Ne4 36. Qf5 Qa4 37. Bd3 Nxc5 38. Qh7#  1-0

[Event "British Chess Championships 2023: First Rapidplay U1750"]
[Site "De Montfort University, 20 Western Boulevard, Leicester, LE2 7BU"]
[Date "2023.07.21"]
[Round "6"]
[Board "11"]
[White "Shiva, Shrishti"]
[Black "Edgar, Barry"]
[Result "1/2-1/2"]
[WhiteElo "1442"]
[BlackElo "1696"]
[PlyCount "0"]
[EventDate "2023.07.21"]
[EventRounds "7"]
[EventCountry "ENG"]

1. e4 c5 2. Bc4 d6 3. Nf3 Nf6 4. d3 a6 5. a3 b5 6. Ba2 Bb7 7. Be3 e6 8. Nc3 Be7 9.
O-O O-O 10. h3 Nbd7 11. Re1 Qc7 12. Bf4 Rac8 13. Qe2 Qb6 14. Be3 Qc7 15. Rac1 Nb6
16. Bf4 Rfd8 17. e5 dxe5 18. Bxe5 Qc6 19. Bg3 c4 20. dxc4 Nxc4 21. Bxc4 Qxc4 22.
Qxc4 Rxc4 23. Ne5 Rcd4 24. Rcd1 Rxd1 25. Rxd1 Rxd1+ 26. Nxd1 Nd5 27. Ng4 h6 28. Nde3
Bg5 29. Nxd5 Bxd5 30. Ne3 Bxe3 31. fxe3  1/2-1/2

[Event "British Chess Championships 2023: First Rapidplay U1750"]
[Site "De Montfort University, 20 Western Boulevard, Leicester, LE2 7BU"]
[Date "2023.07.21"]
[Round "6"]
[Board "12"]
[White "Karia, Kamlesh"]
[Black "Riggs, Samuel"]
[Result "1/2-1/2"]
[WhiteElo "1543"]
[BlackElo "1425"]
[PlyCount "0"]
[EventDate "2023.07.21"]
[EventRounds "7"]
[EventCountry "ENG"]

1. e4 c5 2. Nc3 g6 3. Bc4 Nc6 4. f4 Bg7 5. Nf3 e6 6. O-O Nge7 7. d3 O-O 8. Kh1 a6
9. a4 Rb8 10. Qe1 d5 11. Bb3 b5 12. e5 c4 13. dxc4 dxc4 14. Ba2 Nd5 15. Ne4 Bb7 16.
c3 Nce7 17. Nd6 Nf5 18. Nxf5 exf5 19. Nd4 Re8 20. axb5 axb5 21. Nxb5 Bf8 22. Bxc4
Bc6 23. Nd4 Nb6 24. Nxc6 Qc7 25. Bb5 Ra8 26. Be3 Nd5 27. c4 Rxa1 28. Qxa1 Nxe3 29.
Rf2 Re6 30. Qc1 Ng4 31. Rf1 Rxc6 32. Bxc6 Qxc6 33. h3 Nh6 34. Rd1 Be7 35. Qd2 Kg7
36. Qd5 Qb6 37. Rd2 Bb4 38. Rd3 Qa5 39. Qxa5 Bxa5 40. c5 Ng8 41. Rb3 Ne7 42. Rb5
Bd2 43. g3 Nc6 44. Kg2 h6 45. g4 fxg4 46. hxg4 g5 47. fxg5 hxg5 48. Rb3 Nxe5 49.
Kh3 Bf4 50. Rc3 Nc6 51. Rc4 Kg6 52. b4 Ne5 53. Rd4 Nf3 54. Rd8 f5 55. b5 fxg4+ 56.
Kxg4 Ne5+ 57. Kh3 g4+ 58. Kg2 Kf5 59. c6 Nxc6 60. bxc6 Ke4 61. Re8+ Kd5 62. Rf8 Bc7
63. Rc8 Kxc6 64. Rxc7+  1/2-1/2

[Event "British Chess Championships 2023: First Rapidplay U1750"]
[Site "De Montfort University, 20 Western Boulevard, Leicester, LE2 7BU"]
[Date "2023.07.21"]
[Round "6"]
[Board "13"]
[White "Jones, Dixon H"]
[Black "Halford-Maw, Oliver"]
[Result "1-0"]
[WhiteElo "1688"]
[BlackElo "1498"]
[PlyCount "0"]
[EventDate "2023.07.21"]
[EventRounds "7"]
[EventCountry "ENG"]

1. d4 Nf6 2. c4 e6 3. Nc3 Bb4 4. e3 O-O 5. Bd3 d5 6. Nge2 dxc4 7. Bxc4 c5 8. O-O
Nc6 9. Qd3 cxd4 10. exd4 Bxc3 11. Qxc3 Nd5 12. Bxd5 Qxd5 13. Be3 Rd8 14. Nf4 Qd6
15. Rad1 Ne7 16. Rd3 b6 17. Rc1 Bb7 18. Qc7 Rab8 19. Rdc3 Qxc7 20. Rxc7 Nf5 21. Nd3
Nxd4 22. Bxd4 Be4 23. Ne5 Rxd4 24. f3 Ba8 25. Rxf7 Rf8 26. Rxf8+ Kxf8 27. Rc8+  1-0

[Event "British Chess Championships 2023: First Rapidplay U1750"]
[Site "De Montfort University, 20 Western Boulevard, Leicester, LE2 7BU"]
[Date "2023.07.21"]
[Round "7"]
[Board "1"]
[White "Turkoz, Dogukan Eftal"]
[Black "Vadalia, Jainill"]
[Result "1/2-1/2"]
[WhiteElo "1398"]
[BlackElo "1776"]
[PlyCount "0"]
[EventDate "2023.07.21"]
[EventRounds "7"]
[EventCountry "ENG"]

1. e4 d6 2. d4 Nf6 3. Bd3 e5 4. dxe5 dxe5 5. Nf3 Nbd7 6. Bg5 Be7 7. Nc3 O-O 8. Qe2
h6 9. Bh4 c6 10. O-O-O Qc7 11. Kb1 Nc5 12. h3 Nh5 13. Bg3 Nxg3 14. fxg3 Be6 15. Nh4
Bxh4 16. gxh4 b5 17. Qe3 Nxd3 18. Rxd3 Rad8 19. Rhd1 Bc4 20. R3d2 a6 21. Ne2 Rxd2
22. Qxd2 Bxe2 23. Qxe2 Rd8 24. Kc1 Kf8 25. Qe3 Rxd1+ 26. Kxd1 Qd6+ 27. Ke2 c5 28.
c3 Ke7 29. g4 f6 30. g5 hxg5 31. hxg5 fxg5 32. Qxg5+ Qf6 33. h4 Qxg5 34. hxg5 g6
35. b3 Kd6 36. Kd3 a5 37. a4 b4 38. cxb4 cxb4  1/2-1/2

[Event "British Chess Championships 2023: First Rapidplay U1750"]
[Site "De Montfort University, 20 Western Boulevard, Leicester, LE2 7BU"]
[Date "2023.07.21"]
[Round "7"]
[Board "2"]
[White "Day, Jonathan A"]
[Black "Harrison, Oliver"]
[Result "0-1"]
[WhiteElo "1664"]
[BlackElo "1648"]
[PlyCount "0"]
[EventDate "2023.07.21"]
[EventRounds "7"]
[EventCountry "ENG"]

1. e4 e5 2. Nf3 Nc6 3. Bc4 Nf6 4. d3 Bc5 5. c3 h6 6. Bb3 O-O 7. Nbd2 d5 8. O-O Bg4
9. h3 Bh5 10. exd5 Nxd5 11. Ne4 Bb6 12. a4 Nf6 13. Be3 Bxe3 14. fxe3 Nxe4 15. dxe4
Qxd1 16. Raxd1 Rad8 17. Bd5 Rd6 18. g4 Bg6 19. Nh4 Bh7 20. Nf5 Bxf5 21. exf5 Rfd8
22. Bb3 Rd2 23. Rxd2 Rxd2 24. Rf2 Rd3 25. Re2 Kf8 26. Kf2 f6 27. Bc2 Rd6 28. e4 Na5
29. b4 Nc4 30. Bb3 Nd2 31. Bc2 Ke7 32. Re3 Nc4 33. Rd3 b6 34. Rxd6 Kxd6 35. Ke2 a5
36. Bb3 Na3 37. Kd3 Kc6 38. Bd5+ Kd6 39. Ba2 Kc6 40. Bd5+ Kd6 41. Kd2 c6 42. Ba2
axb4 43. cxb4 c5 44. Kc3 cxb4+ 45. Kxb4 Nc2+ 46. Kb5 Kc7 47. a5 Nd4+ 48. Ka4 bxa5
49. Kxa5 Nf3 50. Bc4 Ng5 51. Bd3 Nxh3 52. Be2 Nf2 53. Bf3 Kc6 54. Kb4 Kb6 55. Kc4
Nh3 56. Kd5 Kc7 57. Bg2 Nf2 58. Bf3 Kd7 59. Kc5 Nd3+ 60. Kd5 Nf4+ 61. Kc5 g6 62.
Kc4 gxf5 63. exf5 Kd6 64. Bh1 Ne2 65. Bf3 Ng3 66. Bg2 h5 67. gxh5 Nxh5 68. Bd5 Nf4
69. Be4 Ne2 70. Bd3 Ng3 71. Bc2 Nf1  0-1

[Event "British Chess Championships 2023: First Rapidplay U1750"]
[Site "De Montfort University, 20 Western Boulevard, Leicester, LE2 7BU"]
[Date "2023.07.21"]
[Round "7"]
[Board "3"]
[White "Mehrgan, Mehrsam"]
[Black "Godwin, Charles"]
[Result "0-1"]
[WhiteElo "1659"]
[BlackElo "1567"]
[PlyCount "0"]
[EventDate "2023.07.21"]
[EventRounds "7"]
[EventCountry "ENG"]

1. Nf3 d5 2. d4 Bf5 3. c4 c6 4. Nc3 Nf6 5. Bf4 Nbd7 6. e3 e6 7. Bd3 Bg6 8. O-O Be7
9. h3 O-O 10. a3 dxc4 11. Bxc4 Nb6 12. Bd3 Nbd5 13. Bg3 Bd6 14. Qe2 Bxg3 15. fxg3
Nxc3 16. bxc3 Ne4 17. Bxe4 Bxe4 18. Nd2 Bg6 19. g4 Qa5 20. c4 Rfd8 21. h4 h6 22.
h5 Bh7 23. Qf2 Rd7 24. Nf3 f6 25. Rfd1 Rad8 26. Qf1 Qc3 27. Rdc1 Qxe3+ 28. Kh1 Bd3
29. Qg1 Qe2 30. Re1 Qb2 31. c5 Kf7 32. Qe3 Bc4 33. Reb1 Qe2 34. Qg1 Bd5 35. Re1 Qa6
36. Qf2 Kg8 37. Qe3 b6 38. cxb6 axb6 39. Kh2 Ra7 40. Rec1 Qa4 41. Rcb1 b5 42. Rb2
Rda8 43. Nd2 c5 44. dxc5 Qxg4 45. Qh3 Qf4+ 46. Kg1 Qd4+ 47. Kh1 Qxb2  0-1

[Event "British Chess Championships 2023: First Rapidplay U1750"]
[Site "De Montfort University, 20 Western Boulevard, Leicester, LE2 7BU"]
[Date "2023.07.21"]
[Round "7"]
[Board "4"]
[White "Zhang, Lionel"]
[Black "Munshi, Aryan"]
[Result "0-1"]
[WhiteElo "1475"]
[BlackElo "1643"]
[PlyCount "0"]
[EventDate "2023.07.21"]
[EventRounds "7"]
[EventCountry "ENG"]

1. e4 e5 2. Nf3 Nc6 3. Bc4 Bc5 4. O-O d6 5. c3 Nf6 6. d3 a6 7. h3 h6 8. Re1 O-O 9.
Nbd2 Be6 10. Bb3 Bxb3 11. Qxb3 Qd7 12. Nf1 Rfe8 13. Ng3 d5 14. exd5 Nxd5 15. Qc2
Bb6 16. Bd2 Rad8 17. Rad1 Qd6 18. Bc1 Qg6 19. Ne4 f5 20. Ng3 Qxg3 21. d4 Qg6 22.
dxe5 Nde7 23. Qe2 Qe6 24. b4 Rd5 25. Rxd5 Nxd5 26. Bd2 Rd8 27. a4 Nde7 28. Bf4 Ng6
29. Bh2 Qd5 30. c4 Qd3 31. Qxd3 Rxd3 32. b5 axb5 33. cxb5 Nd4 34. Nxd4 Rxd4 35. Ra1
Ba5 36. Kf1 Kf7 37. g3 f4 38. gxf4 Nxf4 39. h4 Ke6 40. f3 Kxe5 41. Bg3 Kf5 42. Kf2
Bb6 43. Kf1 Ba5 44. Bf2 Rd3 45. Rc1 Rxf3 46. Rc5+ Kg4 47. Rc4 Bb6 48. Rc2 Rxf2+ 49.
Rxf2 Bxf2 50. Kxf2 b6  0-1